| 000 | 00337nam a2200133Ia 4500 | ||
|---|---|---|---|
| 008 | 231129s1993||||xx |||||||||||||| ||spa|| | ||
| 040 | _bspa | ||
| 082 | _a808.80334 R588p | ||
| 100 | _aRipol Andres | ||
| 245 | 0 | _aEl pesebre | |
| 260 | _c1993 | ||
| 264 | _aBiblioteca Publica Piloto de Medellin para America Latina | ||
| 942 |
_2ddc _cBKS |
||
| 999 |
_c12067 _d12067 |
||